[Event "SVK-chT1W 2122"]
[Site "Slovakia"]
[Date "2022.03.20"]
[Round "6.8"]
[White "Pereszlenyi, Gejza"]
[Black "Capak, Stefan"]
[Result "1/2-1/2"]
[WhiteElo "1892"]
[BlackElo "1933"]
[PlyCount "34"]
[EventDate "2021.11.06"]
[EventType "team-tourn"]
[EventRounds "11"]
[EventCountry "SVK"]
[SourceTitle "EXT 2023"]
[Source "ChessBase"]
[SourceDate "2022.10.05"]
[SourceVersion "1"]
[SourceVersionDate "2022.10.05"]
[SourceQuality "1"]
[WhiteTeam "Nitra NSK"]
[BlackTeam "Povazska Bystrica"]
[WhiteTeamCountry "SVK"]
[BlackTeamCountry "SVK"]

1. d4 d5 2. Nf3 e6 3. Bf4 Nf6 4. e3 Be7 5. h3 0-0 6. Nbd2 c5 7. c3 b6 8. Be2 Bb7 9. 0-0 Nc6 10. Re1 Bd6 11. Ne5 Qc7 12. Ndf3 Rad8 13. Bh2 Ne4 14. Nxc6 Bxc6 15. Bxd6 Rxd6 16. Bd3 f6 17. Re2 Qd7 1/2-1/2

[Event "SVK-chT2B 1920"]
[Site "Slovakia"]
[Date "2020.01.26"]
[Round "7.6"]
[White "Reisel, Frantisek"]
[Black "Capak, Stefan"]
[Result "1/2-1/2"]
[WhiteElo "1957"]
[BlackElo "1934"]
[PlyCount "54"]
[EventDate "2019.10.26"]
[EventType "team-tourn"]
[EventRounds "11"]
[EventCountry "SVK"]
[SourceTitle "CBM 194 Extra"]
[Source "ChessBase"]
[SourceDate "2020.03.31"]
[SourceVersion "1"]
[SourceVersionDate "2020.03.31"]
[SourceQuality "1"]
[WhiteTeam "Prievidza"]
[BlackTeam "Povazska Bystrica II"]
[WhiteTeamCountry "SVK"]
[BlackTeamCountry "SVK"]

1. d4 d5 2. Bf4 e6 3. Nf3 Bd6 4. Bg3 Nf6 5. e3 0-0 6. Bd3 b6 7. Ne5 c5 8. c3 Ba6 9. Bxa6 Nxa6 10. Nd2 Qc7 11. 0-0 Nb8 12. Qe2 Nc6 13. f4 Rad8 14. Bh4 Be7 15. Rf3 Ne4 16. Nxc6 Bxh4 17. Nxd8 Nxd2 18. Qxd2 Bxd8 19. f5 e5 20. dxc5 bxc5 21. Rd1 Bf6 22. Qe2 Rd8 23. Rh3 Qb6 24. b3 a5 25. Qh5 h6 26. Qg4 Kf8 27. Qa4 e4 1/2-1/2

[Event "SVK-chT2B 1920"]
[Site "Slovakia"]
[Date "2019.12.15"]
[Round "6.5"]
[White "Halak, Matej"]
[Black "Capak, Stefan"]
[Result "1/2-1/2"]
[WhiteElo "2001"]
[BlackElo "1934"]
[PlyCount "130"]
[EventDate "2019.10.26"]
[EventType "team-tourn"]
[EventRounds "11"]
[EventCountry "SVK"]
[SourceTitle "CBM 194 Extra"]
[Source "ChessBase"]
[SourceDate "2020.03.31"]
[SourceVersion "1"]
[SourceVersionDate "2020.03.31"]
[SourceQuality "1"]
[WhiteTeam "Trencin"]
[BlackTeam "Povazska Bystrica II"]
[WhiteTeamCountry "SVK"]
[BlackTeamCountry "SVK"]

1. d4 d5 2. Bg5 c6 3. e3 Qb6 4. Qc1 f6 5. Bf4 Nd7 6. Nf3 e6 7. c4 Qb4+ 8. Nbd2 dxc4 9. a3 Qa5 10. Bxc4 Nb6 11. b4 Qh5 12. Be2 Qf7 13. Ne4 Nd5 14. Bd6 Nge7 15. b5 Bd7 16. Qb2 b6 17. Rc1 cxb5 18. Bxb5 Nc8 19. Bxf8 Rxf8 20. Ba6 Qe7 21. 0-0 Kf7 22. Qb3 Nd6 23. Ng3 Bc8 24. Bxc8 Rfxc8 25. e4 Nf4 26. e5 Ne8 27. Rxc8 Rxc8 28. Re1 Qd7 29. exf6 gxf6 30. Qe3 Ng6 31. Qh6 Kg8 32. Nh5 Qf7 33. g4 Rc3 34. Re3 Rxe3 35. fxe3 Nd6 36. h4 Ne4 37. g5 fxg5 38. hxg5 Qf8 39. Qxf8+ Kxf8 40. Kf1 Nh8 41. Nf4 Ke7 42. Ke2 Nf7 43. g6 hxg6 44. Nxg6+ Kf6 45. Nge5 Ned6 46. Kd3 Nd8 47. e4 Ke7 48. Nd2 N6f7 49. Ng6+ Kd7 50. Nc4 Nc6 51. Nf8+ Ke7 52. Ng6+ Kd7 53. Nf4 e5 54. Nxe5+ Nfxe5+ 55. dxe5 Nxe5+ 56. Kd4 Kd6 57. Ne2 b5 58. Nc3 a6 59. Nd5 Nc6+ 60. Ke3 Kc5 61. Nb4 a5 62. Nxc6 Kxc6 63. Kd4 b4 64. axb4 axb4 65. Kc4 Kd6 1/2-1/2

[Event "SVK-chT2B 1920"]
[Site "Slovakia"]
[Date "2019.12.14"]
[Round "5.3"]
[White "Capak, Stefan"]
[Black "Podoba, Milan"]
[Result "1/2-1/2"]
[WhiteElo "1934"]
[BlackElo "1960"]
[PlyCount "37"]
[EventDate "2019.10.26"]
[EventType "team-tourn"]
[EventRounds "11"]
[EventCountry "SVK"]
[SourceTitle "CBM 194 Extra"]
[Source "ChessBase"]
[SourceDate "2020.03.31"]
[SourceVersion "1"]
[SourceVersionDate "2020.03.31"]
[SourceQuality "1"]
[WhiteTeam "Povazska Bystrica II"]
[BlackTeam "Povazske Podhradie"]
[WhiteTeamCountry "SVK"]
[BlackTeamCountry "SVK"]

1. d4 Nf6 2. c4 e6 3. Nf3 d5 4. Nc3 Be7 5. Bg5 h6 6. Bh4 0-0 7. e3 Nbd7 8. Rc1 c6 9. Bd3 dxc4 10. Bxc4 b5 11. Bd3 a6 12. 0-0 Bb7 13. a3 c5 14. Qe2 Rc8 15. h3 cxd4 16. Nxd4 Qb6 17. Bg3 Nc5 18. Bb1 Rfd8 19. Rfd1 1/2-1/2

[Event "SVK-chT2B 1819"]
[Site "Slovakia"]
[Date "2018.12.15"]
[Round "5.6"]
[White "Capak, Stefan"]
[Black "Buco, Martin"]
[Result "0-1"]
[WhiteElo "1924"]
[BlackElo "1858"]
[PlyCount "60"]
[EventDate "2018.10.13"]
[EventType "team-tourn"]
[EventRounds "11"]
[EventCountry "SVK"]
[SourceTitle "CBM 189 Extra"]
[Source "ChessBase"]
[SourceDate "2019.06.03"]
[SourceVersion "1"]
[SourceVersionDate "2019.06.03"]
[SourceQuality "1"]
[WhiteTeam "Povazska Bystrica"]
[BlackTeam "Povazske Podhradie"]
[WhiteTeamCountry "SVK"]
[BlackTeamCountry "SVK"]

1. d4 Nf6 2. Nf3 e6 3. Bg5 c5 4. e3 Nc6 5. c3 h6 6. Bh4 d5 7. Bd3 Be7 8. Nbd2 cxd4 9. exd4 0-0 10. 0-0 a6 11. Qe2 b5 12. Ne5 Bd7 13. Ndf3 Na5 14. Rfc1 Rc8 15. a4 Nb3 16. axb5 Nxc1 17. Rxc1 Bxb5 18. Bxb5 axb5 19. Qxb5 Rb8 20. Qe2 Qc7 21. Ne1 g5 22. Bg3 Ne4 23. N1d3 Nxg3 24. hxg3 Ra8 25. Qh5 Kg7 26. f4 Ra7 27. Rf1 Qc8 28. Ng4 Rh8 29. fxg5 Bxg5 30. Qxf7+ Rxf7 0-1

[Event "SVK-chT3B2 1819"]
[Site "Slovakia"]
[Date "2018.11.25"]
[Round "3.2"]
[White "Rucek, Kristian"]
[Black "Capak, Stefan"]
[Result "0-1"]
[WhiteElo "1737"]
[BlackElo "1936"]
[PlyCount "46"]
[EventDate "2018.10.21"]
[EventType "team-tourn"]
[EventRounds "11"]
[EventCountry "SVK"]
[SourceTitle "CBM 189 Extra"]
[Source "ChessBase"]
[SourceDate "2019.06.03"]
[SourceVersion "1"]
[SourceVersionDate "2019.06.03"]
[SourceQuality "1"]
[WhiteTeam "Belusa"]
[BlackTeam "Povazska Bystrica Sparta"]
[WhiteTeamCountry "SVK"]
[BlackTeamCountry "SVK"]

1. c4 e6 2. Nc3 d5 3. d4 Nf6 4. Nf3 Be7 5. Bf4 b6 6. e3 Bb7 7. Bd3 0-0 8. Ne5 Nbd7 9. Rg1 c5 10. g4 dxc4 11. Bxc4 cxd4 12. Qxd4 Nc5 13. h4 Qc8 14. Qd1 Nfe4 15. Nxe4 Nxe4 16. g5 Rd8 17. Qb3 Nd2 18. Qc3 Nxc4 19. Nxc4 Ba6 20. Rc1 Qc5 21. h5 Rac8 22. Ne5 Qb5 23. Nc4 Bb4 0-1

[Event "SVK-chT2B 1718"]
[Site "Slovakia"]
[Date "2018.03.18"]
[Round "11.4"]
[White "Capak, Stefan"]
[Black "Nagy, Attila2222"]
[Result "1-0"]
[WhiteElo "1936"]
[BlackElo "2077"]
[PlyCount "79"]
[EventDate "2017.10.28"]
[EventType "team-tourn"]
[EventRounds "11"]
[EventCountry "SVK"]
[SourceTitle "EXT 2020"]
[Source "ChessBase"]
[SourceDate "2019.10.17"]
[SourceVersion "1"]
[SourceVersionDate "2019.10.17"]
[SourceQuality "1"]
[WhiteTeam "Povazska Bystrica"]
[BlackTeam "Sala Slovan Duslo"]
[WhiteTeamCountry "SVK"]
[BlackTeamCountry "SVK"]

1. d4 Nf6 2. Nf3 d5 3. c4 c6 4. Nc3 e6 5. Bg5 dxc4 6. a4 Bb4 7. Qc2 b5 8. g3 Qb6 9. Bg2 Bb7 10. Bxf6 gxf6 11. 0-0 a6 12. Ne4 Nd7 13. b3 cxb3 14. Qxb3 a5 15. Rfb1 f5 16. Neg5 c5 17. axb5 cxd4 18. Ne1 Bxg2 19. Kxg2 Nc5 20. Qf3 Ra7 21. Nd3 Nxd3 22. Qxd3 h6 23. Nf3 Bc3 24. Ra4 0-0 25. e3 Rd8 26. exd4 Bb4 27. Rd1 Rd5 28. Ra2 Qxb5 29. Qc2 Qb7 30. Qa4 Qd7 31. Qb3 Rc7 32. Rd3 Qc6 33. Qd1 Qc1 34. Qe2 Qc4 35. Qe3 Qc1 36. Qe2 Rc3 37. Rd1 Qxd1 38. Qxd1 Rc4 39. Qe2 Rc1 40. Qe3 1-0

[Event "SVK-chT2B 1718"]
[Site "Slovakia"]
[Date "2018.02.25"]
[Round "9.2"]
[White "Capak, Stefan"]
[Black "Berek, Geza"]
[Result "1/2-1/2"]
[WhiteElo "1936"]
[BlackElo "2224"]
[PlyCount "38"]
[EventDate "2017.10.28"]
[EventType "team-tourn"]
[EventRounds "11"]
[EventCountry "SVK"]
[SourceTitle "EXT 2019"]
[Source "ChessBase"]
[SourceDate "2018.10.10"]
[SourceVersion "1"]
[SourceVersionDate "2018.10.10"]
[SourceQuality "1"]
[WhiteTeam "Povazska Bystrica"]
[BlackTeam "Batorove Kosihy"]
[WhiteTeamCountry "SVK"]
[BlackTeamCountry "SVK"]

1. d4 g6 2. g3 Bg7 3. Bg2 d6 4. Nf3 Nf6 5. 0-0 0-0 6. c4 Nbd7 7. Nc3 e5 8. e4 exd4 9. Nxd4 Re8 10. Bf4 Nc5 11. Re1 Ng4 12. Qd2 Ne5 13. Bf1 Ne6 14. Nxe6 Bxe6 15. Bxe5 Bxe5 16. b3 Qf6 17. Rac1 c6 18. Ne2 Bg4 19. Bg2 Bxe2 1/2-1/2

[Event "SVK-chT1W 1617"]
[Site "Slovakia"]
[Date "2017.03.19"]
[Round "11.6"]
[White "Stehlik, Peter"]
[Black "Capak, Stefan"]
[Result "1/2-1/2"]
[WhiteElo "2032"]
[BlackElo "1978"]
[PlyCount "42"]
[EventDate "2016.10.15"]
[EventType "team-tourn"]
[EventRounds "11"]
[EventCountry "SVK"]
[SourceTitle "EXT 2019"]
[Source "ChessBase"]
[SourceDate "2018.10.10"]
[SourceVersion "1"]
[SourceVersionDate "2018.10.10"]
[SourceQuality "1"]
[WhiteTeam "Nitra ASK"]
[BlackTeam "Povazska Bystrica"]
[WhiteTeamCountry "SVK"]
[BlackTeamCountry "SVK"]

1. e4 c5 2. Nf3 d6 3. Bb5+ Nd7 4. a4 Ngf6 5. Nc3 g6 6. 0-0 Bg7 7. Re1 0-0 8. a5 Nb8 9. d4 a6 10. Be2 Nc6 11. dxc5 dxc5 12. Be3 Nd7 13. Qd2 Nxa5 14. Bh6 Nc6 15. Bxg7 Kxg7 16. Nd5 e6 17. Ne3 Qe7 18. Ng4 f6 19. Bc4 Nb6 20. Bb3 e5 21. Ne3 Be6 1/2-1/2

[Event "SVK-chT2B 1516"]
[Site "Slovakia"]
[Date "2016.03.12"]
[Round "10.2"]
[White "Capak, Stefan"]
[Black "Szucs, Vladimir"]
[Result "0-1"]
[WhiteElo "1985"]
[BlackElo "2189"]
[PlyCount "52"]
[EventDate "2015.10.17"]
[EventType "team-tourn"]
[EventRounds "11"]
[EventCountry "SVK"]
[SourceTitle "EXT 2019"]
[Source "ChessBase"]
[SourceDate "2018.10.10"]
[SourceVersion "1"]
[SourceVersionDate "2018.10.10"]
[SourceQuality "1"]
[WhiteTeam "Povazska Bystrica SKS II"]
[BlackTeam "Podhajska Termal"]
[WhiteTeamCountry "SVK"]
[BlackTeamCountry "SVK"]

1. Nf3 c5 2. c4 Nc6 3. e3 Nf6 4. Be2 g6 5. Nc3 d5 6. cxd5 Nxd5 7. d4 cxd4 8. Nxd4 Nxc3 9. bxc3 Bg7 10. 0-0 Bd7 11. Bd2 0-0 12. Rc1 Rc8 13. Qb3 e5 14. Nf3 Qc7 15. Rfd1 Be6 16. c4 e4 17. Ng5 Bf5 18. g4 Bd7 19. Nxe4 Ne5 20. g5 Qc6 21. f3 Bf5 22. Nf2 Nxf3+ 23. Bxf3 Qxf3 24. Re1 Be5 25. Rf1 Qh5 26. h3 Qxg5+ 0-1

[Event "SVK-chT1W 1516"]
[Site "Slovakia"]
[Date "2016.01.23"]
[Round "7.8"]
[White "Capak, Stefan"]
[Black "Puchart, Vladimir"]
[Result "1/2-1/2"]
[WhiteElo "2034"]
[BlackElo "2032"]
[PlyCount "28"]
[EventDate "2015.10.24"]
[EventType "team-tourn"]
[EventRounds "11"]
[EventCountry "SVK"]
[SourceTitle "EXT 2017"]
[Source "ChessBase"]
[SourceDate "2016.10.25"]
[SourceVersion "1"]
[SourceVersionDate "2016.10.25"]
[SourceQuality "1"]
[WhiteTeam "Povazska Bystrica"]
[BlackTeam "Trnava Lokomotiva"]
[WhiteTeamCountry "SVK"]
[BlackTeamCountry "SVK"]

1. d4 Nf6 2. Nf3 d5 3. c4 e6 4. Nc3 Be7 5. Bg5 0-0 6. e3 b6 7. cxd5 exd5 8. Bd3 Nbd7 9. 0-0 Bb7 10. Rc1 c5 11. b3 Ne4 12. Bxe7 Qxe7 13. Qe2 Rac8 14. Rfe1 Ndf6 1/2-1/2

[Event "SVK-chT1W 1415"]
[Site "Slovakia"]
[Date "2015.03.01"]
[Round "9.2"]
[White "Skreno, Vladimir"]
[Black "Capak, Stefan"]
[Result "1-0"]
[WhiteElo "2244"]
[BlackElo "2063"]
[PlyCount "123"]
[EventDate "2014.10.18"]
[EventType "team-tourn"]
[EventRounds "11"]
[EventCountry "SVK"]
[SourceTitle "EXT 2016"]
[Source "ChessBase"]
[SourceDate "2015.10.08"]
[SourceVersion "1"]
[SourceVersionDate "2015.10.08"]
[SourceQuality "1"]
[WhiteTeam "Nitra NSK"]
[BlackTeam "Povazska Bystrica SK Sparta"]
[WhiteTeamCountry "SVK"]
[BlackTeamCountry "SVK"]

1. d4 d5 2. Nf3 Nf6 3. c4 e6 4. Bg5 Be7 5. Nc3 Nbd7 6. cxd5 exd5 7. e3 0-0 8. Bd3 c6 9. Qc2 Re8 10. 0-0 Nf8 11. Bxf6 Bxf6 12. b4 Be6 13. Na4 Rc8 14. Nc5 Rc7 15. Nxe6 Rxe6 16. Bf5 Ree7 17. Rac1 g6 18. Bd3 Nd7 19. a4 b6 20. Qb3 Qa8 21. Qa3 Re8 22. a5 Be7 23. Qa4 Bd6 24. Rc2 bxa5 25. bxa5 a6 26. Rb2 c5 27. dxc5 Nxc5 28. Qd4 Rb8 29. Rb6 Rxb6 30. axb6 Ne6 31. Qa4 Rc6 32. Rb1 Nc5 33. Qd4 Qb7 34. Qxd5 Nxd3 35. Qxd3 Rxb6 36. Rd1 a5 37. Qd4 Qb8 38. g3 Bf8 39. Ng5 Rd6 40. Qa4 Rxd1+ 41. Qxd1 Qb5 42. Ne4 Qc6 43. Qd4 Bg7 44. Qd8+ Bf8 45. Nf6+ Kg7 46. Ne8+ Kg8 47. g4 Qe6 48. Nf6+ Kg7 49. g5 a4 50. Qd4 a3 51. Ng4+ Kg8 52. Nf6+ Kg7 53. Qh4 h5 54. Qd4 Kh8 55. Nxh5+ f6 56. Nxf6 Kg7 57. Qh4 Kf7 58. Qh7+ Bg7 59. Qg8+ Ke7 60. Qxg7+ Qf7 61. Nd5+ Ke6 62. Qxf7+ 1-0